Súdna ochrana práv majiteľa ochrannej známky
Poskytovanie ochrany práv majiteľa ochrannej známky súdom. Procesné podmienky. Právomoc a príslušnosť súdu. Spôsobilosť byť účastníkom konania. Podnet na začatie konania. Súdne poplatky.
Salvato in:
| Autore principale: | |
|---|---|
| Natura: | Capitolo di libro |
| Lingua: | slovacco |
| Soggetti: | |
| Tags: |
Nessun Tag, puoi essere il primo ad aggiungerne!!
|
MARC
| LEADER | 00000naa a2200000 4500 | ||
|---|---|---|---|
| 001 | r042044 | ||
| 005 | 20230529124810.2 | ||
| 041 | 0 | |a slo | |
| 044 | |a SK | ||
| 245 | 1 | 0 | |a Súdna ochrana práv majiteľa ochrannej známky |c Renáta Miščíková |
| 520 | |a Poskytovanie ochrany práv majiteľa ochrannej známky súdom. Procesné podmienky. Právomoc a príslušnosť súdu. Spôsobilosť byť účastníkom konania. Podnet na začatie konania. Súdne poplatky. | ||
| 610 | 2 | 0 | |a konanie súdne občianske |
| 610 | 2 | 0 | |a známky ochranné |
| 610 | 2 | 0 | |a právo autorské |
| 610 | 2 | 0 | |a právo obchodné |
| 610 | 2 | 0 | |a právo občianske |
| 610 | 2 | 0 | |a úpravy právne |
| 610 | 2 | 0 | |a Slovensko |
| 100 | 1 | |a Miščíková, Renáta | |